Capitales des pays à plusieurs capitales - Statistiques

Statistiques générales
  • Ce quiz a été pris 129 fois
  • Le résultat moyen est 17 sur 33
Statistiques - réponses
Pays Capitals % Correct
Pays:Bas Amsterdam
94%
Afrique du Sud Pretoria
92%
Chili Santiago
90%
Bolivie Sucre
90%
Bolivie La Paz
89%
Afrique du Sud Le Cap
88%
Malaisie Kuala Lumpur
73%
Yemen Sana'a
73%
Montenegro Podgorica
71%
Cote d'Ivoire Yamoussoukro
70%
Pays:Bas La Haye
69%
Cote d'Ivoire Abidjan
67%
Benin Porto-Novo
64%
Honduras Tegucigalpa
63%
Sri Lanka Colombo
62%
Tanzanie Dodoma
58%
Afrique du Sud Bloemfontein
52%
Eswatini Mbabane
49%
Sri Lanka Sri Jayawardenepura Kotte
49%
Burundi Bujumbura
48%
Myanmar Naypyidaw
43%
Benin Cotonou
42%
Tanzanie Dar es Salaam
42%
Myanmar Yangon
40%
Burundi Gitega
34%
Chili Valparaiso
33%
Yemen Aden
26%
Sahara occidental Laayoune
7%
Eswatini Lobamba
5%
Montenegro Cetinje
3%
Malaisie Putrajaya
2%
Sahara occidental Tifariti
2%
Honduras Comayagüela
1%
Aucun quiz correspondant
Distribution des résultats
% des personnes avec chaque résultat
Percentile par nombre de réponses
Votre historique - résultats
Vous n’avez pas pris ce quiz